Logo BPK

Biblioteka

Politechniki Koszalińskiej

Trudy Dimitrija Ivanoviča Mendeleeva v oblasti chimii silikatov i stekloobraznogo sostojanija / (Rekord nr 25952)

Szczegóły MARC
000 -ETYKIETA REKORDU
podpole kontrolne o stałej długości 00483nam a2200157 i 4500
001 - NUMER KONTROLNY REKORDU
pole kontrolne bg
040 ## - ŹRÓDŁO KATALOGOWANIA
Instytucja, która utworzyła rekord BPK
041 ## - KOD JĘZYKA
Kod języka tekstu pol
080 ## - UNIWERSALNA KLASYFIKACJA DZIESIĘTNA - UKD
UKD 546:661+666:929
008 - POLE O STAŁEJ DŁUGOŚCI - DANE KONTROLNE
podpole kontrolne o stałej długości s pl f |000 0 pol
100 1# - NAZWA OSOBOWA
Nazwa osobowa BARZAKOVSKIJ, Valentin Pavlovic
245 #0 - TYTUŁ/ODPOWIEDZIALNOŚĆ
Tytuł Trudy Dimitrija Ivanoviča Mendeleeva v oblasti chimii silikatov i stekloobraznogo sostojanija /
Pozostałe elementy strefy tytułu i oznaczenia odpowiedzialności V.P. Barzakovskij, R.B. Dobrotin.
260 ## - STREFA ADRESU WYDAWNICZEGO
Miejsce wydania Moskva,
Data publikacji, dystrybucji/powstania dokumentu 1960.
700 1# - HASŁO DODATKOWE - NAZWA OSOBOWA
Nazwa osobowa DOBROTIN, Roman Borisovic
856 ## - LOKALIZACJA I DOSTĘP DO ELEKTRONICZNYCH DOKUMENTÓW ZDALNYCH
Link (URL) http://koha.tu.koszalin.pl/cgi-bin/koha/opac-detail.pl?biblionumber=25952
Tekst linku Katalog online BPK
942 ## - DODATKOWE ELEMENTY (KOHA)
Typ dokumentu Książka
Egzemplarze
Wycofany Status egzemplarza Uszkodzony Dostępność Lokalizacja stała Lokalizacja bieżąca Miejsce przechowywania Sygnatura Kod kreskowy Typ dokumentu
      Dostępny Biblioteka Politechniki Koszalińskiej Biblioteka Politechniki Koszalińskiej Wypożyczalnia BG 17032 01739862 Książka
© 2023 Biblioteka Politechniki Koszalińskiej :: KOHA